000 00442nam a2200205Ia 4500
001 12067
003 GE_BSU
008 181216s||||||||xx |||||||||||||| ||und||
020 _a9780755300211
040 _cGE_BSU
080 _a821.111-312.4
100 _aPatterson,James
245 4 _aThe big bad wolf
260 _aLondon
260 _bHeadline
260 _c2003.
300 _a314p;24cm.
653 _aThe big bad wolf
942 _cBK
999 _c45244
_d45244